000 00687nam a2200241Ia 4500
003 OSt
005 20221005045744.0
006 a|||||r|||| 00| 0
007 ta
008 221004b |||||||| |||| 00| 0 ben d
024 _a17881
037 _bGift, 26/05/2015,
_cTextual
040 _aCRL
_cCRL
_bben
041 _2ben
_aben
082 _aO157,3NCH14,KA, N4
100 _aChowdhury Mayukh
_9581602
245 0 _aKawena
_b An adventure
260 _aKolkata
_bMandal Book India
_c1994
300 _a129p.
_ccm.
650 _aBENGALI LITERATURE
942 _hO157,3NCH14,KA, N4
_cTEXL
_2cc
999 _c955634
_d955634